[Event "Barcelona Sant Marti op-B 21st"]
[Site "Barcelona"]
[Date "2019.07.20"]
[Round "8"]
[White "Herrerias Gonzalez, Andreu"]
[Black "Planella Zavala, Irene"]
[Result "1-0"]
[WhiteElo "1540"]
[BlackElo "1033"]
[PlyCount "63"]
[EventDate "2019.07.13"]
[EventType "swiss"]
[EventRounds "9"]
[EventCountry "ESP"]
[SourceTitle "EXT 2020"]
[Source "ChessBase"]
[SourceDate "2019.10.17"]
[SourceVersion "1"]
[SourceVersionDate "2019.10.17"]
[SourceQuality "1"]

1. d4 d5 2. c4 e6 3. Nc3 Nf6 4. Bg5 Bb4 5. e3 0-0 6. Bd3 Nc6 7. Nge2 Re8 8. 0-0 b6 9. cxd5 exd5 10. Qc2 h6 11. Bxf6 Qxf6 12. Nxd5 Qd6 13. Ndf4 Bb7 14. a3 Ba5 15. b4 Bxb4 16. axb4 Nxb4 17. Qb3 Nxd3 18. Nxd3 Qc6 19. Nef4 Rac8 20. Ne5 Qd6 21. Qxf7+ Kh8 22. Nh5 Re7 23. Ng6+ Kh7 24. Nxe7 Qxe7 25. Qxe7 Rg8 26. Nf6+ Kh8 27. Nxg8 Kxg8 28. Rxa7 Be4 29. Qxe4 h5 30. Ra8+ Kf7 31. Re8 c5 32. Qe6# 1-0

[Event "Barcelona Sant Marti op-B 21st"]
[Site "Barcelona"]
[Date "2019.07.19"]
[Round "7"]
[White "Recacha Delgado, Rafael"]
[Black "Herrerias Gonzalez, Andreu"]
[Result "0-1"]
[WhiteElo "1080"]
[BlackElo "1540"]
[PlyCount "60"]
[EventDate "2019.07.13"]
[EventType "swiss"]
[EventRounds "9"]
[EventCountry "ESP"]
[SourceTitle "EXT 2020"]
[Source "ChessBase"]
[SourceDate "2019.10.17"]
[SourceVersion "1"]
[SourceVersionDate "2019.10.17"]
[SourceQuality "1"]

1. d4 Nf6 2. Bf4 d5 3. e3 Bf5 4. h3 e6 5. c3 Be7 6. Nf3 0-0 7. Be2 Nc6 8. Bd3 Bxd3 9. Qxd3 Ne4 10. Nbd2 f5 11. Qe2 Bd6 12. Bh2 Bxh2 13. Rxh2 Rf6 14. Nxe4 fxe4 15. Ng5 h6 16. Nxe6 Rxe6 17. 0-0-0 a5 18. Qg4 Qd6 19. h4 Rf6 20. g3 b5 21. h5 a4 22. Qe2 Rb8 23. Rh4 Na5 24. Rf4 Nc4 25. Kb1 b4 26. b3 bxc3 27. Kc2 axb3+ 28. axb3 Na3+ 29. Kc1 Rxf4 30. gxf4 Rxb3 0-1

[Event "Barcelona Sant Marti op-B 15th"]
[Site "Barcelona"]
[Date "2013.07.20"]
[Round "8"]
[White "Santiago Llanes, Jose Juan"]
[Black "Herrerias Gonzalez, Andreu"]
[Result "1-0"]
[WhiteElo "1741"]
[BlackElo "1592"]
[PlyCount "83"]
[EventDate "2013.07.13"]
[EventType "swiss"]
[EventRounds "9"]
[EventCountry "ESP"]
[SourceTitle "CBM 155 Extra"]
[Source "ChessBase"]
[SourceDate "2013.08.26"]
[SourceVersion "1"]
[SourceVersionDate "2013.08.26"]
[SourceQuality "1"]

1. d4 Nf6 2. Bf4 d5 3. e3 g6 4. Nf3 Bg7 5. Be2 Bg4 6. h3 Bxf3 7. Bxf3 0-0 8. c4 c6 9. cxd5 Nxd5 10. Bh2 Qa5+ 11. Nd2 Re8 12. 0-0 Nd7 13. Nc4 Qb4 14. Rc1 b5 15. a3 Qa4 16. Qxa4 bxa4 17. Na5 e6 18. Nxc6 a5 19. Rc2 N7b6 20. Rfc1 Nc8 21. Bxd5 exd5 22. Bc7 Ne7 23. Nxe7+ Rxe7 24. Bd6 Ree8 25. Rc5 Bf8 26. Bxf8 Kxf8 27. Rxd5 Rec8 28. Rxc8+ Rxc8 29. Rxa5 Rc1+ 30. Kh2 Rc2 31. Kg3 Rxb2 32. Rxa4 Rb3 33. Ra7 Rb5 34. a4 Rg5+ 35. Kf3 Rf5+ 36. Ke2 Kg7 37. a5 Rb5 38. a6 Ra5 39. Ra8 Kf6 40. a7 Ke7 41. d5 Kd7 42. Rf8 1-0